Theory Methodology Practice

Saved in:
Bibliographic Details
Format: Serial
Language:English
Published: Miskolc University of Miskolc 2018
Subjects:
Tags: Add Tag
No Tags, Be the first to tag this record!

MARC

LEADER 00000nas2a2200000 4500
001 0290773
005 20230131151153.3
022 |a 1589-3413 
041 0 |a eng 
044 |a HU 
245 1 0 |a Theory Methodology Practice 
264 1 |a Miskolc  |b University of Miskolc  |c 2018 
773 0 |w eu_un_cat*0126063 
610 2 0 |a veda ekonomická 
610 2 0 |a teórie ekonomické 
610 2 0 |a metodológia